Hoysala Legacy: Belur Halebidu Somanathapura (Record no. 135348)

MARC details
000 -LEADER
fixed length control field 00525nam a22001937a 4500
005 - DATE AND TIME OF LATEST TRANSACTION
control field 20230314150736.0
008 - FIXED-LENGTH DATA ELEMENTS--GENERAL INFORMATION
fixed length control field 230314b |||||||| |||| 00| 0 eng d
020 ## - INTERNATIONAL STANDARD BOOK NUMBER
International Standard Book Number 9789389 305104
041 ## - LANGUAGE CODE
Language code of text/sound track or separate title eng
082 ## - DEWEY DECIMAL CLASSIFICATION NUMBER
Classification number 720.9
Item number BOS
100 ## - MAIN ENTRY--PERSONAL NAME
Author Bose K
110 ## - MAIN ENTRY--CORPORATE NAME
Corporate name or jurisdiction name as entry element Michell G
245 ## - TITLE STATEMENT
Title Hoysala Legacy: Belur Halebidu Somanathapura
260 ## - PUBLICATION, DISTRIBUTION, ETC.
Place of publication, distribution, etc. Ahmedabad
Name of publisher, distributor, etc. Jaico Publishing House
Date of publication, distribution, etc. 2019
300 ## - PHYSICAL DESCRIPTION
Extent 152p
Other physical details Pb
Dimensions 20 x 14
365 ## - TRADE PRICE
Price type code INR
Price amount 499.00
Currency code Rupaye
942 ## - ADDED ENTRY ELEMENTS (KOHA)
Koha item type Books
Holdings
Withdrawn status Lost status Source of classification or shelving scheme Damaged status Not for loan Collection code Home library Current library Date acquired Net Price Full call number Barcode Date last seen Discount Actual Price Bill Date Koha item type Original Barcode
    Dewey Decimal Classification     Book of Digital Architecture Dr. Bhanuben Nanavati College of Architecture Dr. Bhanuben Nanavati College of Architecture 14/03/2023 399.00 720.9 BOS BNCA-BK-12205 14/03/2023 1 499.00   Books BK12205